|
|
|
|
| LEADER |
00000cam a2200000 7i4500 |
| 001 |
0000006924 |
| 005 |
20151222.0 |
| 008 |
070827 |
| 020 |
|
|
|a 9832611466
|
| 090 |
0 |
0 |
|a SC
|b ENG
|
| 245 |
1 |
0 |
|a Green Kingdom
|c Kathy Stewart
|
| 260 |
|
|
|a Selangor :
|b Early Learner Publication Sdn.Bhd ,
|c 2004
|
| 440 |
|
|
|a Get to know
|
| 500 |
|
|
|a Children ages 10-12 years old (pink)
|
| 650 |
|
0 |
|a Earth
|x Juvenile literature
|
| 999 |
|
|
|a 0000987723
|b Book
|c Children Collection
|e Perbadanan Perpustakaan Awam Johor
|
| 999 |
|
|
|a 0000987724
|b Book
|c Children Collection
|e Cawangan Bandar Tenggara
|
| 999 |
|
|
|a 0000987725
|b Book
|c Children Collection
|e Perbadanan Perpustakaan Awam Johor
|
| 999 |
|
|
|a 0000990759
|b Book
|c Children Collection
|e Cawangan Tangkak
|
| 999 |
|
|
|a 0000990761
|b Book
|c Children Collection
|e Cawangan Kota Tinggi
|
| 999 |
|
|
|a 000990758
|b Book
|c Children Collection
|e Cawangan Batu Pahat
|